ბათუმის შოთა რუსთაველის სახელმწიფო უნივერსიტეტის ბიბლიოთეკა

ევროპის საბჭოს კონვენცია ადამიანებით ვაჭრობის წინააღმდეგ ბრძოლის შესახებ : (ბიბ.ჩანაწერი № 59508)

000 -ლიდერი
ფიქსირებული სიგრძის საკონტროლო ველი 01132nam a22001937a 4500
003 - საკონტროლო ნომრის იდენტიფიკატორი
საკონტროლო ველი Ge_BSU
005 - ბოლო ოპერაციის თარიღი და დრო
საკონტროლო ველი 20230306150557.0
008 - ფიქსირებული სიგრძის მონაცემთა ელემენტები - ზოგადი ინფორმაცია
ფიქსირებული სიგრძის საკონტროლო ველი 230306s2007 ge ||||| |||| 00| 0 geo d
041 ## - ენის კოდი
Language code of text/sound track or separate title geo
080 ## - უნივერსალური ათობითი კლასიფიკაციის ინდექსი
Universal Decimal Classification number 343.431 : 341.176.2(4) ე-35
245 ## - ცნობა სათაურის შესახებ
Title ევროპის საბჭოს კონვენცია ადამიანებით ვაჭრობის წინააღმდეგ ბრძოლის შესახებ :
Remainder of title სახელმძღვანელო პარლამენტარებისათვის /
Statement of responsibility, etc [შემდგ. როსარიო პარდო].
264 ## - წარმოების, გამოცემის, დისტრიბუციის და სხვა ცნობები
გამოცემის, წარმოების, დისტრიბუციის... ადგილი თბილისი :
გამოცემის, წარმოების, დისტრიბუციის... სახელწოდება ევროპის საბჭოს საპარლ. ასამბლეა,
გამოცემის, წარმოების, დისტრიბუციის... თარიღი 2007.
300 ## - ფიზიკური აღწერა
Extent 107გვ. ;
Other physical details 20სმ.
490 ## - სერიის ცნობა
Series statement ადამიანი არ იყიდება
653 ## - INDEX TERM--UNCONTROLLED
Uncontrolled term ევროპის საბჭოს კონვენცია
653 ## - INDEX TERM--UNCONTROLLED
Uncontrolled term ადამიანებით ვაჭრობა
700 ## - ADDED ENTRY--PERSONAL NAME
Personal name პარდო, როსარიო
Relator term შემდგენელი
9 (RLIN) 17103
942 ## - ADDED ENTRY ELEMENTS (KOHA)
Source of classification or shelving scheme
Koha item type წიგნი
ეგზემპლარები
ჩამოწერის სტატუსი დაკარგული ეგზემპლარის სტატუსი კლასიფიკაციის წყარო ან თაროზე გაწყობის სქემა დაზიანების სტატუსი არ გაიცემა მუდმივი მდებარეობა (დაცვის ადგილი) ამჟამინდელი ადგილსამყოფელი თაროზე განთავსების ადგილი შეძენის თარიღი ღირებულება, შესყიდვის ნორმალური ფასი სრული შენახვის შიფრი შტრიხკოდი ბოლო ოპერაციის თარიღი ეგზემპლარის მიმდევრობითი ნომერი (კეტერი?) ფასის ძალაში შესვლის თარიღი ეგზემპლარის სახეობა საჯარო შენიშვნა
          ბათუმის შოთა რუსთაველის სახელმწიფო უნივერსიტეტის მთავარი ბიბლიოთეკა ბათუმის შოთა რუსთაველის სახელმწიფო უნივერსიტეტის მთავარი ბიბლიოთეკა წიგნსაცავი 2023-03-06 5.00 343.431 : 341.176.2(4) ე-35 63956 2023-03-06 63956 2023-03-06 წიგნი 5 ლ.
          ბათუმის შოთა რუსთაველის სახელმწიფო უნივერსიტეტის მთავარი ბიბლიოთეკა ბათუმის შოთა რუსთაველის სახელმწიფო უნივერსიტეტის მთავარი ბიბლიოთეკა წიგნსაცავი 2023-03-06 5.00 343.431 : 341.176.2(4) ე-35 63957 2023-03-06 63957 2023-03-06 წიგნი 5 ლ.
          ბათუმის შოთა რუსთაველის სახელმწიფო უნივერსიტეტის მთავარი ბიბლიოთეკა ბათუმის შოთა რუსთაველის სახელმწიფო უნივერსიტეტის მთავარი ბიბლიოთეკა წიგნსაცავი 2023-03-06 5.00 343.431 : 341.176.2(4) ე-35 63958 2023-03-06 63958 2023-03-06 წიგნი 5 ლ.
          ბათუმის შოთა რუსთაველის სახელმწიფო უნივერსიტეტის მთავარი ბიბლიოთეკა ბათუმის შოთა რუსთაველის სახელმწიფო უნივერსიტეტის მთავარი ბიბლიოთეკა წიგნსაცავი 2023-03-06 5.00 343.431 : 341.176.2(4) ე-35 63959 2023-03-06 63959 2023-03-06 წიგნი 5 ლ.
          ბათუმის შოთა რუსთაველის სახელმწიფო უნივერსიტეტის მთავარი ბიბლიოთეკა ბათუმის შოთა რუსთაველის სახელმწიფო უნივერსიტეტის მთავარი ბიბლიოთეკა წიგნსაცავი 2023-03-06 5.00 343.431 : 341.176.2(4) ე-35 63960 2023-03-06 63960 2023-03-06 წიგნი 5 ლ.